| 000 | 01390nam a2200337 a 4500 | ||
|---|---|---|---|
| 001 | ebr10678036 | ||
| 003 | CaPaEBR | ||
| 006 | m u | ||
| 007 | cr cn||||||||| | ||
| 008 | 121214s2013 nyua sb 001 0 eng d | ||
| 010 | _z 2012955913 | ||
| 020 | _z9781624178061 (hardcover) | ||
| 020 | _z9781624178078 (e-book) | ||
| 040 |
_aCaPaEBR _cCaPaEBR |
||
| 035 | _a(OCoLC)846919531 | ||
| 050 | 1 | 4 |
_aRC931.O73 _bO88 2013eb |
| 245 | 0 | 0 |
_aOsteoblasts _h[electronic resource] : _bmorphology, functions and clinical implications / _cHugo Scheurer, editor. |
| 260 |
_aHauppauge, N.Y. : _bNova Science Publishers, Inc., _c2013. |
||
| 300 |
_ax, 143 p. : _bill. |
||
| 490 | 1 | _aCell biology research progress | |
| 490 | 1 | _aMuscular system--anatomy, functions and injuries | |
| 504 | _aIncludes bibliographical references and index. | ||
| 533 |
_aElectronic reproduction. _bPalo Alto, Calif. : _cebrary, _d2013. _nAvailable via World Wide Web. _nAccess may be limited to ebrary affiliated libraries. |
||
| 650 | 0 | _aOsteoporosis. | |
| 655 | 7 |
_aElectronic books. _2local |
|
| 700 | 1 | _aScheurer, Hugo. | |
| 710 | 2 | _aebrary, Inc. | |
| 830 | 0 | _aMuscular system--anatomy, functions, and injuries series. | |
| 830 | 0 | _aCell biology research progress. | |
| 856 | 4 | 0 |
_uhttp://site.ebrary.com/lib/rucke/Doc?id=10678036 _zAn electronic book accessible through the World Wide Web; click to view |
| 999 |
_c59420 _d59420 |
||